|
|
|
|
| LEADER |
00000nab a2200000 a 4500 |
| 001 |
vtls000305911 |
| 003 |
SK-MaSNL |
| 005 |
20260303175227.0 |
| 008 |
230626c1988 xo 0 slo |
| 015 |
|
|
|a SNBRB19rr/mm-uuuuu
|
| 035 |
|
|
|a CL0316030
|
| 040 |
|
|
|a SNKBUCL
|b slo
|c SNKBUCL
|e AACR2
|
| 041 |
0 |
|
|a slo
|
| 044 |
|
|
|a xo
|c SK
|
| 080 |
|
|
|a 792.075
|2 1981
|
| 080 |
|
|
|a 792.071.2
|2 1981
|
| 080 |
|
|
|a 791.44.071.2
|2 1981
|
| 080 |
|
|
|a 929 Spišák, Karol
|2 1981
|
| 100 |
1 |
|
|a Machala, Drahoslav,
|d 1947-2015
|4 aut
|4 ivr
|9 159247
|
| 245 |
1 |
0 |
|a Bratia v Bratislave
|c Karol Spišák, Drahoslav Machala
|
| 300 |
|
|
|b Obr. 1.
|
| 600 |
1 |
7 |
|a Spišák, Karol,
|d 1941-2007
|2 snkbucl
|9 110913
|
| 655 |
|
7 |
|a rozhovory
|2 snkbucl
|9 31831
|
| 655 |
|
7 |
|a články z novín a časopisov
|2 snkbucl
|9 267496
|
| 700 |
1 |
|
|a Spišák, Karol,
|d 1941-2007
|4 aut
|4 ive
|9 110913
|
| 773 |
0 |
|
|t Večerník
|g Roč. 33, č. 34 (18. 2. 1988), s. 5
|
| 850 |
|
|
|a Slovenská národná knižnica v Martine
|a MTA001
|
| 852 |
|
|
|a SNK
|b KIS3GCP
|
| 958 |
|
|
|a BX
|
| 999 |
|
|
|c 2100713
|d 2102643
|